Tennis - Finalistes masculins en grand chelem au XXIe siècle - Statistiques

Statistiques générales
  • Ce quiz a été pris 1 132 fois
    424 depuis la dernière actualisation
  • Le résultat moyen est 27 sur 48
Statistiques - réponses
Hint Réponse % Correct
2007 Novak Djokovic
98%
2005 Rafael Nadal
97%
2003 Roger Federer
97%
2024 Jannik Sinner
93%
2022 Carlos Alcaraz
92%
2020 Alexander Zverev
88%
2019 Daniil Medvedev
88%
2008 Andy Murray
87%
2014 Stan Wawrinka
86%
2022 Casper Ruud
81%
2021 Stefanos Tsitsipas
81%
2018 Dominic Thiem
79%
2013 David Ferrer
78%
2014 Marin Čilić
77%
2000 Andre Agassi
76%
2008 Jo-Wilfried Tsonga
75%
2009 Juan Martin Del Potro
74%
2000 Pete Sampras
73%
2003 Andy Roddick
68%
2024 Taylor Fritz
64%
2014 Kei Nishikori
62%
2002 Juan Carlos Ferrero
58%
2001 Leyton Hewitt
58%
2022 Nick Kyrgios
58%
2000 Marat Safin
56%
2017 Kevin Anderson
52%
2009 Robin Soderling
51%
2000 Gustavo Kuerten
48%
2021 Matteo Berretini
45%
2016 Milos Raonic
45%
2010 Tomáš Berdych
44%
2004 Gaston Gaudio
39%
2002 David Nalbandian
37%
2001 Goran Ivanisevic
35%
2004 Guillermo Còria
35%
2000 Patrick Rafter
32%
2000 Ivguelni Kafelnikov
28%
2003 Mark Philippoussis
28%
2002 Albert Costa
26%
2006 Marcós Baghdatis
26%
2005 Mariano Puerta
26%
2001 Arnaud Clément
25%
2002 Thomas Johansson
22%
2001 Àlex Corretja
18%
2000 Magnus Norman
15%
2003 Martin Verkerk
15%
2007 Fernando Gonzáles
14%
2003 Rainer Schüttler
8%
Aucun quiz correspondant
Distribution des résultats
% des personnes avec chaque résultat
Percentile par nombre de réponses
Votre historique - résultats
Vous n’avez pas pris ce quiz depuis la dernière actualisation